Т. 37, вып. 17; Письма в Журнал технической физики

Bibliographische Detailangaben
Parent link:Письма в Журнал технической физики/ Российская академия наук (РАН), Физико-технический институт им. А. Ф. Иоффе (ФТИ) ; Отделение общей физики и астрономии РАН. Т. 37, вып. 17.— , 1975-
Sprache:Russisch
Veröffentlicht: 2011
Format: MixedMaterials Buch
KOHA link:https://koha.lib.tpu.ru/cgi-bin/koha/opac-detail.pl?biblionumber=461665

MARC

LEADER 00000nam2a2200000 4500
001 461665
005 20231101085555.0
035 |a (RuTPU)RU\TPU\prd\125713 
090 |a 461665 
100 |a 20111124a19759999k y0rusy50 ca 
101 0 |a rus 
102 |a RU 
200 0 |a Т. 37, вып. 17 
210 |d 2011 
461 1 |0 (RuTPU)RU\TPU\prd\486  |t Письма в Журнал технической физики  |f Российская академия наук (РАН), Физико-технический институт им. А. Ф. Иоффе (ФТИ) ; Отделение общей физики и астрономии РАН  |v Т. 37, вып. 17  |d 1975- 
801 0 |a RU  |b 63413507  |c 20010227  |g PSBO 
801 1 |a RU  |b 63413507  |c 20111124 
801 2 |a RU  |b 63413507  |c 20201116  |g RCR 
942 |c BK 
999 |a НТБ_ТПУ  |b НФ  |e -1/20110111  |p П-1897А  |s 1/20110407  |u 0,00  |v 1